000 00270nam a22001097a 4500
008 170113b xxu||||| |||| 00| 0 eng d
020 _a9780763740382
041 _aeng
080 _a618.2
245 _aTHE CLINICAL NURSE SPECIALIST HANDBOOK
_cZUZELO, P.R
942 _2udc
_cBK
999 _c2857
_d2857